Beküldött művek
Elmentve itt :
| Dokumentumtípus: | Cikk |
|---|---|
| Megjelent: |
1896
|
| Sorozat: | Magyar pedagógia : a Magyar Tudományos Akadémia Pedagógiai Bizottságának folyóirata
5 |
| Kulcsszavak: | Pedagógiai szakirodalom 1896 |
| Online Access: | http://misc.bibl.u-szeged.hu/7198 |
| LEADER | 00576nab a2200169 i 4500 | ||
|---|---|---|---|
| 001 | misc7198 | ||
| 005 | 20191106144245.0 | ||
| 008 | 170607s1896 hu o 0|| hun d | ||
| 022 | |a 0025-0260 | ||
| 040 | |a SZTE Miscellanea Repozitórium |b hun | ||
| 041 | |a hun | ||
| 245 | 0 | 0 | |a Beküldött művek |h [elektronikus dokumentum] |
| 260 | |c 1896 | ||
| 300 | |a 304 | ||
| 490 | 0 | |a Magyar pedagógia : a Magyar Tudományos Akadémia Pedagógiai Bizottságának folyóirata |v 5 | |
| 695 | |a Pedagógiai szakirodalom 1896 | ||
| 856 | 4 | 0 | |u http://misc.bibl.u-szeged.hu/7198/1/mp_1896_304.pdf |z Dokumentum-elérés |